[Event "Catanduva op"]
[Site "Catanduva"]
[Date "2020.03.15"]
[Round "6"]
[White "Silva, Caio Henrique Angel"]
[Black "Degrande, Slleyker Jesus"]
[Result "1-0"]
[WhiteElo "1800"]
[BlackElo "1800"]
[PlyCount "80"]
[EventDate "2020.03.13"]
[EventType "swiss"]
[EventRounds "6"]
[EventCountry "BRA"]
[SourceTitle "CBM 195 Extra"]
[Source "ChessBase"]
[SourceDate "2020.05.31"]
[SourceVersion "1"]
[SourceVersionDate "2020.05.31"]
[SourceQuality "1"]

1. e4 e5 2. Nf3 Nc6 3. Bb5 d6 4. d3 Bg4 5. c3 Bxf3 6. Qxf3 Nge7 7. 0-0 f6 8. Be3 Qd7 9. d4 a6 10. Ba4 b5 11. Bb3 a5 12. d5 Nd8 13. a4 c6 14. dxc6 Qxc6 15. axb5 Qc7 16. b6 Qb7 17. Rd1 Nec6 18. Na3 Be7 19. Nb5 Rb8 20. Nc7+ Kf8 21. g4 Nd4 22. cxd4 Qxb6 23. Ne6+ Nxe6 24. Bxe6 h6 25. dxe5 Qa6 26. exd6 Bxd6 27. b3 Be5 28. Bc4 Qc6 29. Rxa5 Qc7 30. Ra7 Bxh2+ 31. Kg2 Rb7 32. Rd8+ Ke7 33. Rxh8 Be5 34. Qf5 Qc6 35. Qe6+ Qxe6 36. Bxe6 Kxe6 37. Rxb7 g5 38. Kf3 Bc3 39. Rd8 Bb4 40. Rbd7 Be7 1-0